000 00536nam a2200157Ia 4500
008 220216s9999 xx 000 0 und d
100 _aGireesh T
245 0 _aEffect of low temperature regimes on storage of Hevea pollen
260 _bPLACROSYM XVIII. 10-13 December 2008, National Research Centre for Cashew, Puttur, Karnataka. Journal of Plantation Crops, 36 (3):207-210.
_c2008
650 _aCryo preservation
650 _aPollen storage
700 _aMydin K K
700 _aThomas V
700 _aVarghese Y A
942 _cBS
999 _c49302
_d49302